Rozvíjanie komunikačných kompetencií učiteľov

Problematika rozvíjania komunikačných kompetencií učiteľov. Monitoring učiteľov obchodných akadémií, ktorý sa uskutočnil v rámci ESF. Učitelia hodnotili svoje učiteľské vzdelávanie a vyjadrili požiadavky aj na oblasť nácviku komunikačných zručností. Popis vybraných postupov pri rozvíjaní výrazových...

Full description

Saved in:
Bibliographic Details
Main Author: Kompoltová, Soňa
Format: Book Chapter
Language:Slovak
Subjects:
Tags: Add Tag
No Tags, Be the first to tag this record!

MARC

LEADER 00000nla$a2200000$$$4500
001 0097874
005 20240502083243.8
041 0 |a slo 
044 |a CZ 
245 1 0 |a Rozvíjanie komunikačných kompetencií učiteľov  |c Soňa Kompoltová 
520 |a Problematika rozvíjania komunikačných kompetencií učiteľov. Monitoring učiteľov obchodných akadémií, ktorý sa uskutočnil v rámci ESF. Učitelia hodnotili svoje učiteľské vzdelávanie a vyjadrili požiadavky aj na oblasť nácviku komunikačných zručností. Popis vybraných postupov pri rozvíjaní výrazových prostriedkov v komunikácii. 
610 2 0 |a vzdelávanie 
610 2 0 |a pedagogika 
610 2 0 |a didaktika 
610 2 0 |a technika didaktická 
610 2 0 |a učitelia 
610 2 0 |a komunikácia 
610 2 0 |a kompetencie 
610 2 0 |a výskum 
100 1 |a Kompoltová, Soňa